00549 a2200193 4500020001500000050002100015100002400036245001400060250001800074264003000092300001900122500001900141650003000160650003300190650003600223650003800259700002800297700003000325 a0077072456 aHB171.5 BEG 1991 aBegg, DavideAuthor aEconomics aThird edition aLondonbMcGraw-hillc1991 axx,667p.bill. aIncludes index aEconomicsxmicroeconomics aEconomicsxInflation finance aEconomicsxEconomic development aEconomicsxDemand economic theory aStanley FischereAuthor aRudiger DornbuscheAuthor